000 00365nam a2200145Ia 4500
008 191201s2009 xx 000 0 und d
082 _a657
_bRAA
100 _aRAMACHANDRAN,T
245 0 _aAccounting for Management
250 _aRep
260 _aN. delhi
_bScitech Publication Chennai and Hadrabad
_c2009
300 _aMISC
650 _aBBA
942 _2ddc
_cBK
_02
999 _c4920
_d4920